[Event "39th Olympiad Women"]
[Site "Khanty-Mansiysk RUS"]
[Date "2010.09.29"]
[Round "8"]
[White "Lestari, Baiq Vina"]
[Black "Sabirova, Olga"]
[Result "1/2-1/2"]
[BlackTitle "WIM"]
[WhiteElo "2177"]
[BlackElo "2216"]
[Board "14.2"]
[WhiteTeam "INA"]
[BlackTeam "UZB"]
[WhiteFideId "7102496"]
[BlackFideId "14200201"]
[EventDate "2010.09.21"]
[EventType "team"]

1. e4 e5 2. Nf3 Nc6 3. Nc3 Nf6 4. d4 exd4 5. Nxd4 d5 6. exd5 Nxd5 7. Nxc6 bxc6
8. Bc4 Bb4 9. Bd2 Qe7+ 10. Qe2 Nxc3 11. Qxe7+ Kxe7 12. bxc3 Bd6 13. O-O Rd8 14.
Be3 Bf5 15. Bb3 a5 16. Ba4 Rab8 17. Rfe1 Kf8 18. Rab1 f6 19. h3 h5 20. Bxc6 Bxc2
21. Rb5 Rxb5 22. Bxb5 Be5 23. Rc1 Rd1+ 24. Rxd1 Bxd1 25. Bd2 Bc2 26. a4 Bd6 27.
Kf1 Ke7 28. Ke2 Bf5 29. c4 Bb4 30. Bf4 c5 31. Bc7 Be4 32. f3 Bb7 33. Ke3 g5 34.
g4 h4 35. Bb6 Ke6 36. Bd8 Bc3 37. Bc7 Bb4 38. Kf2 Bd2 39. Bb8 Bc3 40. f4 Bd4+
41. Kf1 Bc3 42. Bc7 Ke7 43. Bb6 Bb4 44. Bc7 Bc3 45. Bb8 1/2-1/2

[Event "39th Olympiad Women"]
[Site "Khanty-Mansiysk RUS"]
[Date "2010.09.29"]
[Round "8"]
[White "Hamrakulova, Yulduz"]
[Black "Sihite, Chelsie Monica"]
[Result "1-0"]
[WhiteTitle "WIM"]
[BlackTitle "WFM"]
[WhiteElo "2207"]
[BlackElo "2014"]
[Board "14.3"]
[WhiteTeam "UZB"]
[BlackTeam "INA"]
[WhiteFideId "14201151"]
[BlackFideId "7101198"]
[EventDate "2010.09.21"]
[EventType "team"]

1. d4 Nf6 2. c4 e6 3. g3 Bb4+ 4. Bd2 Bxd2+ 5. Nxd2 d5 6. Bg2 c6 7. Ngf3 O-O 8.
O-O Nbd7 9. Qc2 b5 10. cxb5 cxb5 11. Rfc1 Ba6 12. e3 Rc8 13. Qd3 Nb8 14. Qa3 Qb6
15. b4 Ne8 16. Nb3 Nd6 17. Nc5 Nc4 18. Qb3 Rc7 19. Ne1 Bc8 20. Ned3 Qd6 21. a4
bxa4 22. Qxa4 Bd7 23. Nxd7 Nxd7 24. Bf1 e5 25. dxe5 Ndxe5 26. Nxe5 Qxe5 27. Qb5
Nd6 28. Qa5 Re7 29. Rd1 Ne4 30. Rxd5 Qf6 31. Rf5 Qc3 32. Qa3 Qc8 33. Ra5 Nd2 34.
Rxa7 Nf3+ 35. Kh1 Ree8 36. Bg2 Ne5 37. Kg1 h5 38. b5 h4 39. b6 h3 40. Bd5 Qd8
41. Qb3 Qf6 42. e4 Nf3+ 43. Kh1 Nd4 44. Qd3 Qxf2 45. R7a2 Qf6 46. b7 Qb6 47. Rb1
Qc5 48. Ra8 Kh7 49. Rxe8 Rxe8 50. Bxf7 Rf8 51. Qf1 1-0

[Event "39th Olympiad Women"]
[Site "Khanty-Mansiysk RUS"]
[Date "2010.09.29"]
[Round "8"]
[White "Medina, Warda Aulia"]
[Black "Nodirjanova, Nodira"]
[Result "0-1"]
[WhiteTitle "WFM"]
[WhiteElo "2011"]
[BlackElo "2136"]
[Board "14.4"]
[WhiteTeam "INA"]
[BlackTeam "UZB"]
[WhiteFideId "7101570"]
[BlackFideId "14201232"]
[EventDate "2010.09.21"]
[EventType "team"]

1. e4 e6 2. d4 d5 3. Nd2 Nf6 4. e5 Nfd7 5. Bd3 c5 6. c3 Nc6 7. Ne2 cxd4 8. cxd4
f6 9. exf6 Nxf6 10. O-O Bd6 11. Nf3 Qc7 12. Bg5 O-O 13. Bh4 Nh5 14. Qc2 h6 15.
Bh7+ Kh8 16. Bg6 Rxf3 17. Bxh5 Rf5 18. Bg6 Bxh2+ 19. Kh1 Bd6 20. Bxf5 exf5 21.
Qd2 f4 22. f3 Be6 23. Nc3 Qf7 24. Rfe1 Re8 25. Bf2 Ne7 26. Kg1 Nf5 27. Ne2 g5
28. Rac1 Qh5 29. Qd3 Ng3 30. Nxg3 fxg3 31. Be3 g4 32. f4 Bf5 33. Qb5 Be4 34. Re2
Rf8 35. Rd2 Qh2+ 36. Kf1 Qh1+ 37. Ke2 Qxc1 38. Qd7 Bxg2 0-1

[Event "39th Olympiad Women"]
[Site "Khanty-Mansiysk RUS"]
[Date "2010.09.29"]
[Round "8"]
[White "Munguntuul, Batkhuyag"]
[Black "Rogule, Laura"]
[Result "0-1"]
[WhiteTitle "IM"]
[BlackTitle "WGM"]
[WhiteElo "2412"]
[BlackElo "2354"]
[Board "15.1"]
[WhiteTeam "MGL"]
[BlackTeam "LAT"]
[WhiteFideId "4900758"]
[BlackFideId "11601876"]
[EventDate "2010.09.21"]
[EventType "team"]

1. e4 c6 2. Nc3 d5 3. Nf3 dxe4 4. Nxe4 Bf5 5. Ng3 Bg4 6. Bc4 e6 7. h3 Bxf3 8.
Qxf3 Nd7 9. Qe2 Nb6 10. Bb3 Nd5 11. O-O Qc7 12. d4 Ngf6 13. c4 Nf4 14. Qe3 Ng6
15. d5 cxd5 16. cxd5 Bc5 17. Qc3 exd5 18. Re1+ Kf8 19. Be3 Rc8 20. Rac1 b6 21.
Nf5 Qd7 22. Qd3 h6 23. Rcd1 Rd8 24. Bc2 Kg8 25. a3 a5 26. Bb1 Re8 27. Bd4 Bxd4
28. Rxe8+ Qxe8 29. Qxd4 Qe6 30. Kf1 Kh7 31. Re1 Qc6 32. Ne7 Qc4+ 33. Qxc4 dxc4
34. g4 Re8 35. f4 b5 36. h4 Ng8 37. Nxg6 Rxe1+ 38. Kxe1 fxg6 39. h5 Nf6 40.
Bxg6+ Kg8 41. Bf5 Kf8 42. Bc8 b4 43. Be6 c3 44. bxc3 bxa3 45. Kd2 Nxg4 46. Kc2
Nf6 47. Kb3 Ne4 48. Bg4 Ke7 49. c4 Nd2+ 50. Kxa3 Nxc4+ 51. Ka4 Kf6 52. Be2 Nb6+
53. Kxa5 Nd5 54. Bf3 Nxf4 55. Kb5 Kg5 56. Kc5 Nxh5 57. Kd4 Ng3 58. Ke3 Nf5+ 59.
Kf2 Kf4 60. Bd5 g5 61. Kg1 h5 62. Kh2 Ne3 63. Bb7 Nf1+ 64. Kh3 Nd2 65. Bc6 g4+
66. Kg2 h4 67. Bb7 h3+ 68. Kf2 Nf3 69. Bxf3 gxf3 70. Kg1 Ke5 0-1

[Event "39th Olympiad Women"]
[Site "Khanty-Mansiysk RUS"]
[Date "2010.09.29"]
[Round "8"]
[White "Berzina, Ilze"]
[Black "Enkhtuul, Altanulzii"]
[Result "1-0"]
[WhiteTitle "WGM"]
[WhiteElo "2283"]
[BlackElo "2122"]
[Board "15.2"]
[WhiteTeam "LAT"]
[BlackTeam "MGL"]
[WhiteFideId "11601345"]
[BlackFideId "4901444"]
[EventDate "2010.09.21"]
[EventType "team"]

1. e4 Nf6 2. e5 Nd5 3. c4 Nb6 4. d4 d6 5. exd6 exd6 6. Nc3 Be7 7. Be2 Nc6 8. Nf3
Bg4 9. O-O O-O 10. b3 a5 11. Be3 Bf6 12. h3 Bh5 13. Rc1 d5 14. Nb5 Na7 15. Bf4
Nxb5 16. cxb5 Rc8 17. Qd2 Re8 18. Rfe1 Re4 19. Bg3 a4 20. bxa4 Bxf3 21. Bxf3
Rxd4 22. Qe2 h6 23. Bg4 Nd7 24. Qf3 c6 25. Qf5 h5 26. Bxh5 g6 27. Bxg6 fxg6 28.
Qxg6+ Bg7 29. Bd6 Nf8 30. Qg3 Qh4 31. Re7 Qxg3 32. Bxg3 Rxa4 33. Rxb7 c5 34. b6
Bd4 35. Re7 Rxa2 36. b7 Rca8 37. bxa8=Q Rxa8 38. Be5 Ng6 39. Rg7+ Kf8 40. Bxd4
Nf4 41. Rxc5 Ne2+ 42. Kh2 Nxd4 43. Rh7 1-0

[Event "39th Olympiad Women"]
[Site "Khanty-Mansiysk RUS"]
[Date "2010.09.29"]
[Round "8"]
[White "Ankhchimeg, Bayanmunh"]
[Black "Skinke, Katrina"]
[Result "1/2-1/2"]
[WhiteTitle "WIM"]
[BlackTitle "WIM"]
[WhiteElo "2153"]
[BlackElo "2217"]
[Board "15.3"]
[WhiteTeam "MGL"]
[BlackTeam "LAT"]
[WhiteFideId "4900600"]
[BlackFideId "11602260"]
[EventDate "2010.09.21"]
[EventType "team"]

1. e4 d6 2. d4 Nf6 3. Nc3 g6 4. g3 Bg7 5. Bg2 O-O 6. Nge2 Nbd7 7. O-O c5 8. h3
Rb8 9. Be3 b6 10. a4 a6 11. f4 cxd4 12. Bxd4 Bb7 13. Nd5 e5 14. Be3 Nxd5 15.
exd5 exf4 16. Bxf4 Qc7 17. Nc3 Ne5 18. Ne4 Rbc8 19. Rc1 b5 20. axb5 axb5 21. Kh2
h6 22. g4 Rce8 23. b3 Ba6 24. Qd2 g5 25. Be3 Qe7 26. Bd4 Bc8 27. Ra1 f5 28. Ra7
Qd8 29. gxf5 Bxf5 30. Ng3 Bg6 31. c3 Rxf1 32. Nxf1 g4 33. Qf4 gxh3 34. Bxh3 Rf8
35. Qg3 Qf6 36. Nd2 h5 37. c4 h4 38. Qe3 bxc4 39. bxc4 Ng4+ 40. Bxg4 Qxd4 41.
Qxd4 Bxd4 42. Ra2 Rf2+ 43. Kh3 Kg7 44. c5 Bxc5 45. Rb2 Kf6 46. Kxh4 Ke5 47. Nc4+
Kxd5 48. Rxf2 Bxf2+ 49. Kg5 Bd3 50. Nxd6 Kxd6 51. Kf4 Bd4 52. Kf3 Ke5 53. Kg2
Kf4 54. Bf3 Be3 55. Bb7 Be2 56. Bc6 Bg4 57. Bb7 Kg5 58. Bc6 Kh4 59. Bb7 Bh3+ 60.
Kh1 1/2-1/2

[Event "39th Olympiad Women"]
[Site "Khanty-Mansiysk RUS"]
[Date "2010.09.29"]
[Round "8"]
[White "Ni, Viktorija"]
[Black "Otgonjargal, Sengeravdan"]
[Result "0-1"]
[WhiteTitle "WFM"]
[BlackTitle "WFM"]
[WhiteElo "2199"]
[BlackElo "2143"]
[Board "15.4"]
[WhiteTeam "LAT"]
[BlackTeam "MGL"]
[WhiteFideId "11602252"]
[BlackFideId "4900790"]
[EventDate "2010.09.21"]
[EventType "team"]

1. d4 d5 2. c4 e6 3. Nf3 f5 4. Nc3 c6 5. Bf4 Nf6 6. e3 Be7 7. Bd3 O-O 8. h3 Ne4
9. Qb3 Kh8 10. g4 c5 11. gxf5 cxd4 12. Nxd4 Nc5 13. Qc2 Bf6 14. Nxe6 Bxe6 15.
fxe6 Bxc3+ 16. bxc3 Nxe6 17. Bg3 dxc4 18. Bxc4 Ng5 19. h4 Nf3+ 20. Ke2 Nc6 21.
Rad1 Qf6 22. Bd5 Rac8 23. Be4 Qf7 24. Kf1 Nfe5 25. Kg2 Ng4 26. Qb3 Qe7 27. Qb1
Qf7 28. Rd2 Nf6 29. Bf5 Rce8 30. Qb3 Qh5 31. Bc2 b6 32. Rd6 Ne5 33. Bd1 Qf5 34.
Qa4 Ne4 35. Rd4 Nxg3 36. Rf4 Qg6 37. fxg3 Rxf4 38. exf4 Nd3 39. Bf3 Ne1+ 40. Kf2
Nxf3 41. Kxf3 Qd3+ 42. Kg4 h5+ 43. Kh3 Qf5+ 44. Kg2 Re2+ 45. Kf1 Qd3 0-1

[Event "39th Olympiad Women"]
[Site "Khanty-Mansiysk RUS"]
[Date "2010.09.29"]
[Round "8"]
[White "Heinatz, Gundula"]
[Black "Ortiz, Nadya Karolina"]
[Result "1/2-1/2"]
[WhiteTitle "WIM"]
[BlackTitle "WIM"]
[WhiteElo "2228"]
[BlackElo "2212"]
[Board "16.1"]
[WhiteTeam "SUI"]
[BlackTeam "COL"]
[WhiteFideId "4612434"]
[BlackFideId "4401778"]
[EventDate "2010.09.21"]
[EventType "team"]

1. d4 Nf6 2. Nf3 g6 3. g3 Bg7 4. Bg2 O-O 5. O-O d6 6. c4 c6 7. Nc3 Qa5 8. e4 Qh5
9. e5 dxe5 10. Nxe5 Ng4 11. Nf3 Nh6 12. Ne2 Qa5 13. Bd2 Qa6 14. b3 Rd8 15. a4
Nf5 16. Bc3 e5 17. d5 cxd5 18. cxd5 Nd7 19. Ra2 Qd6 20. Nd2 Nb6 21. Ne4 Qf8 22.
d6 a5 23. Rd2 Be6 24. Bb2 Nd7 25. Ba3 Rac8 26. Qb1 Nd4 27. Nxd4 exd4 28. Bb2
Bxb3 29. Bxd4 Bxa4 30. Qxb7 Bc6 31. Qb2 Bxd4 32. Qxd4 Qg7 33. Qxg7+ Kxg7 34. Ra1
a4 35. Rd4 h6 36. g4 Ne5 37. h3 Nd7 38. Kh2 Kg8 39. h4 Kg7 40. g5 Nb6 41. Nf6
Bxg2 42. Kxg2 Rc5 43. Ne4 Rc4 44. Rxc4 Nxc4 45. Rxa4 Nxd6 46. Rd4 Nb7 47. Kg3 1/2-1/2

[Event "39th Olympiad Women"]
[Site "Khanty-Mansiysk RUS"]
[Date "2010.09.29"]
[Round "8"]
[White "Chirivi C, Jenny Astrid"]
[Black "Lematschko, Tatjana"]
[Result "1-0"]
[WhiteTitle "WIM"]
[BlackTitle "WGM"]
[WhiteElo "2227"]
[BlackElo "2194"]
[Board "16.2"]
[WhiteTeam "COL"]
[BlackTeam "SUI"]
[WhiteFideId "4403061"]
[BlackFideId "1300237"]
[EventDate "2010.09.21"]
[EventType "team"]

1. d4 f5 2. c4 d6 3. Nf3 g6 4. g3 Bg7 5. Bg2 c6 6. O-O Nf6 7. Nc3 O-O 8. d5 e5
9. dxe6 Bxe6 10. Qd3 Kh8 11. Rd1 Na6 12. Bf4 d5 13. Ng5 Bg8 14. cxd5 Nxd5 15.
Nxd5 cxd5 16. Qb5 Qe7 17. Bxd5 Bxd5 18. Rxd5 Qb4 19. Qxb4 Nxb4 20. Rd7 Rfe8 21.
e3 b6 22. Rc1 Na6 23. Rc6 Kg8 24. b4 Nxb4 25. Rcc7 Bb2 26. Nf7 Re6 27. Nh6+ Kf8
28. Bd6+ Rxd6 29. Rxd6 Na6 30. Rf7+ Ke8 31. Rxh7 Nc5 32. Rxg6 Nd7 33. Re6+ 1-0

[Event "39th Olympiad Women"]
[Site "Khanty-Mansiysk RUS"]
[Date "2010.09.29"]
[Round "8"]
[White "Wilson, Alexandra"]
[Black "Salazar, Aura Cristina"]
[Result "0-1"]
[WhiteTitle "WFM"]
[BlackTitle "WFM"]
[WhiteElo "2047"]
[BlackElo "2169"]
[Board "16.3"]
[WhiteTeam "SUI"]
[BlackTeam "COL"]
[WhiteFideId "411000"]
[BlackFideId "4403312"]
[EventDate "2010.09.21"]
[EventType "team"]

1. e4 c5 2. Nf3 d6 3. d4 cxd4 4. Nxd4 Nf6 5. Nc3 g6 6. Be3 Bg7 7. f3 O-O 8. Qd2
Nc6 9. O-O-O d5 10. Qe1 e5 11. Nb3 d4 12. Bg5 Qc7 13. Nb5 Qb6 14. c4 dxc3 15.
Qxc3 Rd8 16. Bc4 Be6 17. Kb1 Nd4 18. N3xd4 exd4 19. Qb3 Bxc4 20. Qxc4 Rac8 21.
Qe2 Rc5 22. e5 Re8 23. Nxd4 Rexe5 24. Be3 Nd5 25. Rd3 Rxe3 26. Rxe3 Nxe3 27.
Qxe3 Bxd4 28. Qxd4 0-1

[Event "39th Olympiad Women"]
[Site "Khanty-Mansiysk RUS"]
[Date "2010.09.29"]
[Round "8"]
[White "Orozco, Lina Yomayra"]
[Black "De Seroux, Camille"]
[Result "0-1"]
[WhiteTitle "WCM"]
[WhiteElo "2154"]
[BlackElo "2020"]
[Board "16.4"]
[WhiteTeam "COL"]
[BlackTeam "SUI"]
[WhiteFideId "4402340"]
[BlackFideId "1305620"]
[EventDate "2010.09.21"]
[EventType "team"]

1. e4 c5 2. Nf3 Nc6 3. d4 cxd4 4. Nxd4 Nf6 5. Nc3 d6 6. g3 g6 7. Nde2 Bg7 8. Bg2
O-O 9. O-O Bd7 10. h3 Rb8 11. a4 a6 12. Nd5 b5 13. axb5 axb5 14. c3 b4 15. Bg5
Nxd5 16. exd5 Ne5 17. Nd4 h6 18. Bd2 Nc4 19. Bc1 Qb6 20. b3 bxc3 21. bxc4 Qxd4
22. Qe2 Bf5 23. Qxe7 c2 24. Ra3 Rb1 25. Kh2 Bd3 26. Re1 Bxc4 27. Qxd6 Qxf2 28.
Rh1 Qf6 29. Qc7 Qd4 30. Ra4 Qd1 31. Rxc4 Rxc1 32. d6 Ra1 33. Rxc2 Qd4 34. Rxa1
Qxa1 35. Rc1 Qd4 36. Rc4 Qd3 37. d7 Be5 38. Qc6 Bxg3+ 39. Kg1 Qe3+ 40. Kh1 Qe1+ 0-1

[Event "39th Olympiad Women"]
[Site "Khanty-Mansiysk RUS"]
[Date "2010.09.29"]
[Round "8"]
[White "Nakhbayeva, Guliskhan"]
[Black "Lang, Heather"]
[Result "1-0"]
[WhiteTitle "WIM"]
[WhiteElo "2243"]
[BlackElo "2025"]
[Board "17.1"]
[WhiteTeam "KAZ"]
[BlackTeam "SCO"]
[WhiteFideId "13704788"]
[BlackFideId "2400979"]
[EventDate "2010.09.21"]
[EventType "team"]

1. d4 f5 2. Nf3 Nf6 3. g3 g6 4. Bg2 Bg7 5. O-O O-O 6. b3 d6 7. Bb2 Ne4 8. Nbd2
Nc6 9. c4 Nxd2 10. Qxd2 Qe8 11. d5 Ne5 12. Nd4 Bd7 13. Rac1 c6 14. c5 dxc5 15.
Rxc5 b6 16. Rxc6 Bxc6 17. dxc6 Rc8 18. Bd5+ Rf7 19. Ne6 Bf6 20. Bxe5 Bxe5 21.
Ng5 Kg7 22. Bxf7 Qxc6 23. Bd5 Qd6 24. Nf7 1-0

[Event "39th Olympiad Women"]
[Site "Khanty-Mansiysk RUS"]
[Date "2010.09.29"]
[Round "8"]
[White "Rutherford, Elaine"]
[Black "Davletbayeva, Madina"]
[Result "0-1"]
[WhiteTitle "WFM"]
[BlackTitle "WFM"]
[WhiteElo "2080"]
[BlackElo "2163"]
[Board "17.2"]
[WhiteTeam "SCO"]
[BlackTeam "KAZ"]
[WhiteFideId "2401428"]
[BlackFideId "13703595"]
[EventDate "2010.09.21"]
[EventType "team"]

1. e4 Nf6 2. Nc3 d5 3. e5 Nfd7 4. e6 fxe6 5. d4 c5 6. Nf3 Nc6 7. Bb5 Qb6 8. Be3
c4 9. O-O Qa5 10. Re1 Nf6 11. Bd2 Qb6 12. Ng5 Qxd4 13. Nxe6 Bxe6 14. Rxe6 Kd7
15. Ne2 Qb6 16. Bxc6+ bxc6 17. Be3 Qb7 18. Re5 Ng4 19. Bd4 Nxe5 20. Bxe5 e6 21.
Nf4 Re8 22. Qg4 Kc8 23. Re1 Qd7 24. h3 Rg8 25. b3 Bd6 26. bxc4 Bxe5 27. Rxe5
dxc4 28. Nxe6 c3 29. Qc4 Qd1+ 30. Kh2 Qd6 31. f4 Re7 32. Nd4 Rxe5 33. Qxg8+ Kb7
34. fxe5 Qxe5+ 35. Kh1 Qxd4 36. Qxh7 Kb6 37. Qf5 c5 38. Kh2 Kb5 39. Qg6 Qe5+ 40.
g3 Qe2+ 41. Kg1 Kb4 42. Qf5 Ka3 43. Qxc5+ Kb2 44. Qxa7 Kxc2 45. a4 Qe1+ 46. Kg2
Kd1 47. Kf3 Qe2+ 48. Kf4 c2 0-1

[Event "39th Olympiad Women"]
[Site "Khanty-Mansiysk RUS"]
[Date "2010.09.29"]
[Round "8"]
[White "Macgilchrist, Siegrun"]
[Black "Ankudinova, Yelena"]
[Result "0-1"]
[BlackTitle "WFM"]
[WhiteElo "1784"]
[BlackElo "2124"]
[Board "17.4"]
[WhiteTeam "SCO"]
[BlackTeam "KAZ"]
[WhiteFideId "2401681"]
[BlackFideId "13702114"]
[EventDate "2010.09.21"]
[EventType "team"]

1. c4 f5 2. g3 Nf6 3. Bg2 g6 4. Nc3 Bg7 5. Nf3 d6 6. d4 c6 7. O-O O-O 8. Re1 Ne4
9. Qd3 Nxc3 10. bxc3 e5 11. dxe5 dxe5 12. Qxd8 Rxd8 13. Bg5 Re8 14. Red1 h6 15.
Rd8 Kf7 16. Rxe8 Kxe8 17. Be3 Be6 18. c5 Nd7 19. Rb1 Rb8 20. a4 g5 21. Ne1 Kd8
22. f4 gxf4 23. gxf4 e4 24. Bd4 Bf8 25. Kf2 Kc7 26. Nc2 Bxc5 27. e3 a5 28. Bg7
Bf8 29. Bxf8 Rxf8 30. Nd4 Nc5 31. Bh3 Bc8 32. Ra1 Kd6 33. c4 Ke7 34. Ra3 Kf6 35.
Ra1 Rd8 36. Ke2 Be6 37. Nxe6 Kxe6 38. Ra2 Rd3 39. Bf1 Rb3 40. Kf2 Rb4 41. Rd2
Rxa4 42. Rd8 Ra1 43. Rh8 a4 44. Rxh6+ Ke7 45. Bh3 a3 46. Rh7+ Kd6 47. Rh8 a2 48.
Ra8 Na6 49. Rd8+ Kc5 0-1

[Event "39th Olympiad Women"]
[Site "Khanty-Mansiysk RUS"]
[Date "2010.09.29"]
[Round "8"]
[White "Fierro Baquero, Martha L."]
[Black "Mamedjarova, Zeinab"]
[Result "0-1"]
[WhiteTitle "IM"]
[BlackTitle "WGM"]
[WhiteElo "2368"]
[BlackElo "2234"]
[Board "18.1"]
[WhiteTeam "ECU"]
[BlackTeam "AZE"]
[WhiteFideId "3600270"]
[BlackFideId "13401521"]
[EventDate "2010.09.21"]
[EventType "team"]

1. e4 e5 2. Nf3 Nf6 3. Nxe5 d6 4. Nf3 Nxe4 5. d4 d5 6. Bd3 Be7 7. O-O Nc6 8. Re1
Bg4 9. c3 f5 10. Nbd2 O-O 11. Qb3 Kh8 12. Qxb7 Rf6 13. Qb3 Rg6 14. g3 h5 15. Be2
Rb8 16. Qd1 Qf8 17. Nxe4 fxe4 18. Nd2 Qf5 19. Bxg4 hxg4 20. Nf1 Nd8 21. Ne3 Qh5
22. c4 c6 23. Ng2 Ne6 24. b3 Rf8 25. cxd5 cxd5 26. Bf4 Qh3 27. Re3 Bf6 28. Be5
Rh6 29. Nh4 g5 30. Rc1 Bxe5 31. dxe5 gxh4 32. Re2 Ng5 0-1

[Event "39th Olympiad Women"]
[Site "Khanty-Mansiysk RUS"]
[Date "2010.09.29"]
[Round "8"]
[White "Moncayo Romero, Evelyn"]
[Black "Mammadova, Gulnar Marfat qizi"]
[Result "1/2-1/2"]
[WhiteTitle "WIM"]
[BlackTitle "WFM"]
[WhiteElo "2127"]
[BlackElo "2293"]
[Board "18.3"]
[WhiteTeam "ECU"]
[BlackTeam "AZE"]
[WhiteFideId "3600424"]
[BlackFideId "13403508"]
[EventDate "2010.09.21"]
[EventType "team"]

1. e4 c5 2. Nf3 Nc6 3. d4 cxd4 4. Nxd4 Nf6 5. Nc3 e5 6. Ndb5 d6 7. Nd5 Nxd5 8.
exd5 Nb8 9. c4 a6 10. Nc3 Be7 11. Be2 O-O 12. Be3 f5 13. f4 Bf6 14. Qd2 Nd7 15.
O-O Qc7 16. Rac1 b6 17. Kh1 exf4 18. Bxf4 Ne5 19. b4 Bd7 20. c5 bxc5 21. bxc5
Qxc5 22. Nb5 Qb6 23. Nc7 Rac8 24. Be3 Qb8 25. Nxa6 Qa8 26. Rc7 Rxc7 27. Nxc7 Qa4
28. Rf4 Qa3 29. Rb4 Ng4 30. Rb3 Qa4 31. Rb4 Qa3 32. Rb3 Qa4 33. Rb4 Qa5 34. Bb6 1/2-1/2

[Event "39th Olympiad Women"]
[Site "Khanty-Mansiysk RUS"]
[Date "2010.09.29"]
[Round "8"]
[White "Umudova, Nargiz"]
[Black "Romero Echeverria, Abigail"]
[Result "1-0"]
[WhiteTitle "WIM"]
[WhiteElo "2251"]
[BlackElo "2058"]
[Board "18.4"]
[WhiteTeam "AZE"]
[BlackTeam "ECU"]
[WhiteFideId "13402137"]
[BlackFideId "3603806"]
[EventDate "2010.09.21"]
[EventType "team"]

1. e4 c5 2. b3 e6 3. Bb2 Nc6 4. Bb5 Nd4 5. Bd3 d5 6. Ne2 dxe4 7. Bxe4 Nf6 8. d3
Be7 9. O-O O-O 10. Nd2 Nxe4 11. dxe4 Bf6 12. c3 Nc6 13. Qc2 Qc7 14. f4 e5 15. f5
b6 16. Nc4 Ba6 17. Ne3 Ne7 18. Ng4 Qc6 19. c4 b5 20. Ng3 bxc4 21. bxc4 Bh4 22.
Nxe5 Qc7 23. Nh5 Bg5 24. f6 gxf6 25. Ng4 Rfb8 26. Ngxf6+ Bxf6 27. Nxf6+ Kf8 28.
Qd2 Ng8 29. Be5 Rd8 30. Qg5 1-0

[Event "39th Olympiad Women"]
[Site "Khanty-Mansiysk RUS"]
[Date "2010.09.29"]
[Round "8"]
[White "Andersson, Christin"]
[Black "Guerrero Rodriguez, Alejandra"]
[Result "1-0"]
[WhiteTitle "WIM"]
[BlackTitle "WIM"]
[WhiteElo "2113"]
[BlackElo "2128"]
[Board "19.2"]
[WhiteTeam "SWE"]
[BlackTeam "MEX"]
[WhiteFideId "1702947"]
[BlackFideId "5104297"]
[EventDate "2010.09.21"]
[EventType "team"]

1. e4 e6 2. d4 d5 3. exd5 exd5 4. Bd3 Nf6 5. Bg5 Be7 6. Nf3 Bg4 7. O-O O-O 8.
Nbd2 Nbd7 9. c3 c5 10. Qc2 h6 11. Bh4 Nh5 12. Bxe7 Qxe7 13. Bf5 Ndf6 14. Bxg4
Nxg4 15. Qf5 Ngf6 16. Rae1 Qc7 17. Ne5 cxd4 18. cxd4 Qb6 19. Nb3 g6 20. Qf3 Rad8
21. Nc5 Ng7 22. g4 Rd6 23. b3 Qb4 24. Qe3 Ne4 25. Nxe4 dxe4 26. Nc4 Re6 27. d5
Re7 28. d6 Re6 29. Qxa7 f5 30. d7 Ra6 31. Qd4 Qe7 32. Rd1 Ne6 33. Qe5 Qh4 34.
Qg3 Qxg3+ 35. hxg3 Rxa2 36. Rd6 Ra6 37. Rxa6 bxa6 38. Ra1 Nc5 39. Nb6 Nxb3 40.
Rxa6 Nc5 41. Ra5 Nb7 42. Re5 fxg4 43. Rxe4 h5 44. Nd5 Nd8 45. Re8 Kf7 46. Re7+
Kg8 47. Nf4 Nc6 48. Nxg6 Rf5 49. Ne5 Nd8 50. Re8+ 1-0

[Event "39th Olympiad Women"]
[Site "Khanty-Mansiysk RUS"]
[Date "2010.09.29"]
[Round "8"]
[White "Duran Juarez, Citlali"]
[Black "Frisk, Ellinor"]
[Result "1/2-1/2"]
[BlackTitle "WFM"]
[WhiteElo "1957"]
[BlackElo "2113"]
[Board "19.3"]
[WhiteTeam "MEX"]
[BlackTeam "SWE"]
[WhiteFideId "5104084"]
[BlackFideId "1708481"]
[EventDate "2010.09.21"]
[EventType "team"]

1. e4 e6 2. d4 d5 3. Nd2 Nf6 4. e5 Nfd7 5. Bd3 c5 6. c3 Nc6 7. Ne2 cxd4 8. cxd4
f6 9. exf6 Nxf6 10. Nf3 Bd6 11. O-O Qc7 12. Bg5 O-O 13. Bh4 Nh5 14. Nc3 a6 15.
Rc1 g6 16. Na4 b5 17. Nc5 Rxf3 18. Qxf3 Bxh2+ 19. Kh1 Bf4 20. Nb3 Bxc1 21. Rxc1
Bd7 22. Be7 Qf4 23. Bc5 Qxf3 24. gxf3 Kf7 25. Bd6 Ng7 26. f4 Rc8 27. Kg2 Ne8 28.
Be5 Nb4 29. Rxc8 Bxc8 30. Bb1 Nf6 31. f3 Nd7 32. Bc7 Nc6 33. Kf2 Ne7 34. a3 Nc6
35. Bd3 Ke7 36. Ke3 Nf6 37. Nc5 Ne8 38. Be5 Nd6 39. b3 Nf5+ 40. Bxf5 exf5 41. b4
Kf7 42. Kf2 h6 43. Kg3 g5 44. fxg5 Nxe5 45. dxe5 hxg5 46. f4 g4 47. Nb3 Ke7 48.
Nd4 Kd8 49. Kf2 Kc7 50. Ke3 Kd8 51. Ne2 Kc7 52. Kd4 Kc6 53. Ng3 Be6 54. Ne2 Bc8 1/2-1/2

[Event "39th Olympiad Women"]
[Site "Khanty-Mansiysk RUS"]
[Date "2010.09.29"]
[Round "8"]
[White "Horn, Emilia"]
[Black "De La Parra Hurtado, Daniela"]
[Result "1-0"]
[WhiteTitle "WFM"]
[BlackTitle "WCM"]
[WhiteElo "2012"]
[BlackElo "1887"]
[Board "19.4"]
[WhiteTeam "SWE"]
[BlackTeam "MEX"]
[WhiteFideId "1705385"]
[BlackFideId "5107369"]
[EventDate "2010.09.21"]
[EventType "team"]

1. e4 c5 2. Nf3 g6 3. c3 Bg7 4. d4 cxd4 5. cxd4 d5 6. e5 Nc6 7. Bb5 Bg4 8. Bxc6+
bxc6 9. Nbd2 Nh6 10. O-O Nf5 11. h3 Bxf3 12. Nxf3 Qb6 13. g4 Nh6 14. e6 fxe6 15.
Ng5 Kd7 16. Qe2 Bxd4 17. Qxe6+ Kd8 18. Nf3 Ng8 19. Nxd4 Qxd4 20. Qxc6 Rc8 21.
Qe6 Nf6 22. Be3 Qxb2 23. Bxa7 Qb7 24. Bb6+ Ke8 25. Rac1 Nd7 26. Rxc8+ Qxc8 27.
Re1 Kf8 28. Qxe7+ Kg8 29. Bd4 Qf8 30. Qxd7 1-0

[Event "39th Olympiad Women"]
[Site "Khanty-Mansiysk RUS"]
[Date "2010.09.29"]
[Round "8"]
[White "Camacho, Chardine Cheradee"]
[Black "Hoang, Thi Bao Tram"]
[Result "0-1"]
[WhiteTitle "WFM"]
[BlackTitle "WGM"]
[WhiteElo "2186"]
[BlackElo "2285"]
[Board "20.1"]
[WhiteTeam "PHI"]
[BlackTeam "VIE"]
[WhiteFideId "5201829"]
[BlackFideId "12401102"]
[EventDate "2010.09.21"]
[EventType "team"]

1. e4 c6 2. d4 d5 3. exd5 cxd5 4. Bd3 Nc6 5. c3 Qc7 6. Ne2 Bg4 7. f3 Bd7 8. Bf4
e5 9. dxe5 Nxe5 10. Bc2 Bd6 11. Ba4 Ne7 12. Bxd7+ Qxd7 13. Bxe5 Bxe5 14. f4 Bf6
15. O-O O-O 16. Qd3 Rfe8 17. Na3 Nf5 18. Nc2 Re4 19. Nc1 Rae8 20. Nb3 Qd6 21.
Rad1 Bd8 22. Kh1 Bb6 23. g3 Qh6 24. Nbd4 Bxd4 25. Nxd4 Nxd4 26. cxd4 Qh3 27. Rd2
Re2 0-1